000 00345nam a2200157Ia 4500
003 0STCL
008 150530s9999 xx 000 0 und d
040 _aSTCL
_cSTCL
100 _aVictor F.; Ed
245 _aMater et magistra and india
260 _c1963
546 _aEnglish
942 _2ddc
_cBK
999 _c4236
_d4236
005 20220125165348.0